Cyclisme: Tous les porteurs du maillot jaune 1919 - 2025 - Statistiques

Statistiques générales
  • Ce quiz a été pris 264 fois
    104 depuis la dernière actualisation
  • Le résultat moyen est 47 sur 282
Statistiques - réponses
Nationalité, Année porté porteur du maillot jaune % Correct
SLOVENIE, 2020, 21, 22, 24, 25 Tadej Pogačar
94%
GRANDE BRETAGNE, 2013,15,16,17 Christopher Froom
92%
DANEMARK, 2022, 23 Jonas Vingegaard
92%
FRANCE, 2019, 20, 21 Julian Alaphilippe
92%
FRANCE, 2024 Romain Bardet
90%
IRLANDE, 2025 Ben Healy
89%
PAYS-BAS, 1984 Adri van der Poel
88%
PAYS-BAS, 2021, 25 Mathieu van der Poel
88%
COLOMBIE, 2019 Egan Bernal
87%
GRANDE BRETAGNE, 2017, 18 Geraint Thomas
83%
SLOVENIE, 2020 Primož Roglič
83%
EQUATEUR, 2024 Richard Carapaz
82%
ITALIE, 2014 Vincenzo Nibali
80%
BELGIQUE, 2022 Wout van Aert
80%
BELGIQUE, 2025 Jasper Philipsen
77%
FRANCE,1978, 79, 80, 81, 82, 84, 85, 86 Bernard Hinault
75%
SLOVAQUIE, 2016, 18 Peter Sagan
71%
LUXEMBOURG, 2010, 11 Andy Schleck
67%
LUXEMBOURG, 2008 Fränk Schleck
67%
GRANDE BRETAGNE, 2016 Mark Cavendish
67%
ESPAGNE, 2007, 09 Alberto Contador
66%
GRANDE BRETAGNE, 2012 Bradley Wiggins
66%
GRANDE BRETAGNE, 2020, 23 Adam Yates
65%
GRANDE BRETAGNE, 1994 Sean Yates
65%
FRANCE, 2004, 11 Thomas Voeckler
65%
BELGIQUE, 1969, 70, 71, 72, 74, 75 Eddy Merckx
64%
AUSTRALIE, 2008, 10, 11 Cadel Evans
63%
NORVEGE, 2020 Alexander Kristoff
57%
FRANCE, 1957, 61, 62, 63, 64 Jacques Anquetil
54%
AUSTRALIE, 2023 Jai Hindley
54%
ESPAGNE, 1991, 92, 93, 94, 95 Miguel Indurain
54%
FRANCE, 1983, 84, 89 Laurent Fignon
53%
ALLEMAGNE, 2013, 14 Marcel Kittel
52%
FRANCE, 2014 Tony Gallopin
51%
BELGIQUE, 2022 Yves Lampaert
51%
BELGIQUE, 2011 Philippe Gilbert
49%
BELGIQUE, 1927 Hector Martin
48%
ALLEMAGNE, 2015 Tony Martin
48%
SUISSE, 2004, 07, 09, 10, 12, 15 Fabian Cancellara
47%
ITALIE, 2017 Fabio Aru
47%
BELGIQUE, 2016, 18 Greg Van Avermaet
46%
ITALIE, 1998 Marco Pantani
46%
ITALIE, 2019 Giulio Ciccone
45%
ETATS UNIS, 1986, 89, 90, 91 Greg LeMond
45%
FRANCE, 1995, 2000 Laurent Jalabert
43%
AFRIQUE DU SUD 2013 Daryl Impey
42%
ESPAGNE, 2008 Carlos Sastre
40%
COLOMBIE, 2018 Fernando Gaviria
40%
FRANCE, 1948, 53, 54, 55 Louison Bobet
40%
BELGIQUE, 2006 Tom Boonen
40%
ITALIE, 1949, 52 Fausto Coppi
37%
PAYS-BAS, 2019 Mike Teunissen
37%
ESPAGNE, 2008 Alejandro Valverde
35%
DANEMARK, 1995, 96 Bjarne Riis
35%
FRANCE, 1992, 2003 Richard Virenque
35%
FRANCE, 1975, 77 Bernard Thévenet
33%
ITALIE, 1937, 38, 48, 49 Gino Bartali
33%
ALLEMAGNE, 1997, 98 Jan Ullrich
31%
FRANCE, 2010 Sylvain Chavanel
31%
AUSTRALIE, 2015 Rohan Dennis
30%
ALLEMAGNE, 1998, 2002 Erik Zabel
29%
IRLANDE, 1987 Stephen Roche
29%
ESPAGNE, 1971, 73 Luis Ocaña
28%
NORVEGE, 2004, 06, 11 Thor Hushovd
28%
ESPAGNE, 2006 Óscar Pereiro
27%
DANEMARK, 2007 Michael Rasmussen
23%
BELGIQUE, 1920 Philippe Thys
22%
ITALIE, 1965 Felice Gimondi
20%
PAYS-BAS, 1971, 73, 78, 79, 80 Joop Zoetemelk
20%
BELGIQUE, 1976 Lucien Van Impe
20%
ITALIE, 1993, 97 Mario Cipollini
20%
IRLANDE, 1983 Sean Kelly
20%
FRANCE, 2001 Christophe Moreau
19%
ESPAGNE, 1959, 63 Federico Bahamontes
19%
FRANCE, 1931, 34 Antonin Magne
18%
SUISSE, 1992, 96 Alex Zülle
17%
SUISSE, 1951 Hugo Koblet
17%
FRANCE, 1947,53 Jean Robic
17%
BELGIQUE, 1935, 39 Romain Maes
17%
AUSTRALIE, 2013 Simon Gerrans
17%
BELGIQUE, 1936, 37, 39 Sylvère Maes
17%
AUSTRALIE, 2004 Robbie McEwen
16%
LUXEMBOURG, 1958 Charly Gaul
14%
SUISSE, 1947, 50 Ferdi Kübler
14%
BELGIQUE, 1965 Rik Van Looy
14%
FRANCE, 1967 Roger Pingeon
14%
FRANCE, 1955 Antonin Rolland
13%
FRANCE, 1919, 22 Eugène Christophe
13%
BELGIQUE, 1919, 22 Firmin Lambot
13%
LUXEMBOURG, 1927, 28, 29 Nicolas Frantz
13%
FRANCE, 1958 Raphaël Géminiani
13%
FRANCE, 1956 Roger Walkowiak
13%
FRANCE, 1956, 57, 58, 59, 61, 62 André Darrigade
12%
FRANCE, 2001 François Simon
12%
BELGIQUE, 1976 Freddy Maertens
12%
BELGIQUE, 2013 Jan Bakelants
12%
FRANCE, 1983 Pascal Simon
12%
FRANCE, 2008 Romain Feillu
12%
FRANCE, 1929, 30, 32, 38 André Leducq
11%
FRANCE, 1930, 31 Charles Pélissier
11%
FRANCE, 1927 Francis Pélissier
11%
FRANCE, 1923 Henri Pélissier
11%
FRANCE, 1991 Luc Leblanc
11%
ITALIE, 1923, 24, 25 Ottavio Bottecchia
11%
AUSTRALIE, 1981, 82 Phil Anderson
11%
GRANDE BRETAGNE, 2000 David Millar
10%
FRANCE, 1995 Jacky Durand
10%
PAYS-BAS, 1966, 68 Jan Janssen
10%
BELGIQUE, 1926 Jules Buysse
10%
FRANCE, 1966 Lucien Aimar
10%
BELGIQUE, 1926 Lucien Buysse
10%
FRANCE, 1937 Roger Lapébie
10%
AUSTRALIE, 1998, 2001 Stuart O'Grady
10%
FRANCE, 1997 Cédric Vasseur
8%
FRANCE, 1987 Charly Mottet
8%
GRANDE BRETAGNE, 1994, 97, 98 Chris Boardman
8%
FRANCE, 2006 Cyril Dessel
8%
ITALIE, 1975 Francesco Moser
8%
ITALIE, 1960 Gastone Nencini
8%
FRANCE, 1987 Jean-François Bernard
8%
FRANCE, 2003 Jean-Patrick Nazon
8%
ALLEMAGNE, 2001, 2005 Jens Voigt
8%
DANEMARK, 1991 Rolf Sørensen
8%
ALLEMAGNE, 1962, 64, 66, 69 Rudi Altig
8%
GRANDE BRETAGNE, 1962 Tom Simpson
8%
ESTONIE, 1999 Jaan Kirsipuu
7%
BELGIQUE, 1993, 94 Johan Museeuw
7%
BELGIQUE, 1929 Maurice De Waele
7%
ITALIE, 2009 Roberto Nocentini
7%
CANADA, 1988, 90 Steve Bauer
7%
RUSSE, 1996 Evgueni Berzin
6%
ITALIE, 1949, 50, 52 Fiorenzo Magni
6%
FRANCE, 1933, 34 Georges Speicher
6%
PAYS-BAS, 1978 Jan Raas
6%
FRANCE, 1922 Jean Alavoine
6%
FRANCE, 1979 Jean-René Bernaudeau
6%
LUXEMBOURG, 2008 Kim Kirchen
6%
BELGIQUE, 1921 Léon Scieur
6%
FRANCE, 1939, 47 René Vietto
6%
FRANCE, 1986, 90, 91 Thierry Marie
6%
AUSTRALIE, 2003 Bradley McGee
5%
ITALIE, 1990 Claudio Chiappucci
5%
FRANCE, 1972 Cyrille Guimard
5%
FRANCE, 1960 Henry Anglade
5%
DANEMARK, 1983, 85 Kim Andersen
5%
ITALIE, 1930 Learco Guerra
5%
FRANCE, 1992 Pascal Lino
5%
UKRAINE, 2006 Sergueï Honchar
5%
PORTUGAL, 1989 Acacio Da Silva
4%
DANEMARK, 1998 Bo Hamburger
4%
ALLEMAGNE, 1977 Dietrich Thurau
4%
BELGIQUE, 1938 Félicien Vervaecke
4%
BELGIQUE, 1922 Hector Heusghem
4%
ALLEMAGNE, 2007 Linus Gerdemann
4%
BELGIQUE, 1920, 21 Louis Mottiat
4%
ESPAGNE, 1955 Miguel Poblet
4%
BELGIQUE, 1952 Rik Van Steenbergen
4%
SUISSE, 2002 Rubens Bertogliati
4%
FRANCE, 1996 Stéphane Heulot
4%
COLOMBIE, 2003 Víctor Hugo Peña
4%
BELGIQUE, 1983, 85 Eric Vanderaerden
2%
PAYS-BAS, 1989 Erik Breukink
2%
ITALIE, 1994 Flavio Vanzella
2%
FRANCE, 1996 Frédéric Moncassin
2%
SUISSE, 1953 Fritz Schäer
2%
BELGIQUE, 1929 Gaston Rebry
2%
SUISSE, 1951 Giovanni Rossi
2%
ITALIE, 1988 Guido Bontempi
2%
PAYS-BAS, 1988 Henk Lubberding
2%
FRANCE, 1949 Jacques Marinelli
2%
LUXEMBOURG, 1951 Jean Diederich
2%
LUXEMBOURG, 1937, 38 Jean Majérus
2%
BELGIQUE, 1974, 78 Joseph Bruyère
2%
POLOGNE, 1987 Lech Piasecki
2%
AUTRICHE, 1931 Max Bulla
2%
ITALIE, 1947, 50 Pierre Brambilla
2%
FRANCE, 1990 Ronan Pensec
2%
FRANCE, 1984 Vincent Barteau
2%
BELGIQUE, 1925 Adelin Benoît
1%
ITALIE, 2000 Alberto Elli
1%
PAYS-BAS, 1962 Albertus Geldermans
1%
CANADA, 1986 Alex Stieda
1%
ITALIE, 1952 Andrea Carrea
1%
LUXEMBOURG, 1936 Arsène Mersch
1%
FRANCE, 1950 Bernard Gauthier
1%
FRANCE, 1968 Charly Grosskost
1%
FRANCE, 1969 Désiré Letort
1%
FRANCE, 1986 Dominique Gaigne
1%
BELGIQUE, 1964 Edward Sels
1%
FRANCE, 1953 François Mahé
1%
FRANCE, 1964 Georges Groussard
1%
BELGIQUE, 1933 Georges Lemaire
1%
PAYS-BAS 1978, 79, 80, 81 Gerrie Knetemann
1%
FRANCE, 1951, 54, 58 Gilbert Bauvin
1%
ESPAGNE, 2002 Igor Gonzales de Galdeano
1%
ITALIE, 1970 Italo Zilioli
1%
ITALIE, 1995 Ivan Gotti
1%
BELGIQUE, 1956, 60 Jan Adriaenssens
1%
BELGIQUE, 1948 Jan Engels
1%
BELGIQUE, 1932 Jean Aerts
1%
FRANCE, 1957 Jean Forestier
1%
FRANCE, 1983 Jean-Louis Gauthier
1%
FRANCE, 1953 Jean Malléjac
1%
BELGIQUE, 1995 Johan Bruyneel
1%
ESPAGNE,1967 José-Maria Errandonea
1%
FRANCE, 1960 Joseph Groussard
1%
BELGIQUE, 1962 Joseph Planckaert
1%
ALLEMAGNE, 1978 Klaus-Peter Thaler
1%
ALLEMAGNE, 1932 Kurt Stöpel
1%
FRANCE 1998 Laurent Desbiens
1%
BELGIQUE, 1982, 84 Ludo Peeters
1%
BELGIQUE, 1937 Marcel Kint
1%
BELGIQUE 2001 Marc Wauters
1%
PAYS-BAS, 1971 Marinus Wagtmans
1%
FRANCE, 1933, 36 Maurice Archambaud
1%
FRANCE, 1952 Nello Lauredi
1%
ITALIE, 1931 Raffaele Di Paco
1%
FRANCE, 1922, 23 Robert Jacquinot
1%
FRANCE, 1953 Roger Hassenforder
1%
ALLEMAGNE, 1968 Rolf Wolfshohl
1%
FRANCE, 1923 Romain Bellenger
1%
BELGIQUE, 1980 Rudy Pevenage
1%
BELGIQUE, 1993 Wilfried Nelissen
1%
PAYS-BAS, 1951, 55, 58 Wim van Est
1%
PAYS-BAS, 1954, 55, 56 Wout Wagtmans
1%
FRANCE, 1980 Yvon Bertin
1%
BELGIQUE, 1929 Aimé Dossche
0%
ITALIE, 1947 Aldo Ronconi
0%
BELGIQUE, 1931 Alfred Hamerlinck
0%
FRANCE, 1939 Amédée Fournier
0%
BELGIQUE, 1964, 65 Bernard Van De Kerckhove
0%
BELGIQUE, 1959, 63 Eddy Pauwels
0%
ALLEMAGNE, 1937 Erich Bautz
0%
SUISSE, 1987 Erich Maechler
0%
FRANCE, 1927 Ferdinand Le Drogo
0%
BELGIQUE, 1968 Georges Vandenberghe
0%
PAYS-BAS, 1974 Gerben Karstens
0%
PAYS-BAS, 1956, 58 Gerrit Voorting
0%
ITALIE, 1967 Giancarlo Polidori
0%
BELGIQUE, 1956, 63 Gilbert Desmet
0%
ESPAGNE, 1968 Gregorio San Miguel
0%
BELGIQUE, 1926 Gustave Van Slembrouck
0%
BELGIQUE, 1968, 73 Herman Van Springel
0%
FRANCE, 1978 Jacques Bossis
0%
PAYS-BAS, 1984 Jacques Hanegraaf
0%
FRANCE, 1966 Jean-Claude Lebaube
0%
FRANCE, 1939 Jean Fontenay
0%
LUXEMBOURG, 1950 Jean Goldschmit
0%
FRANCE, 1968 Jean-Pierre Genet
0%
PAYS-BAS, 1987, 88 Jelle Nijdam
0%
PAYS-BAS, 1986 Johan van der Velde
0%
DANEMARK, 1986 Jørgen Vagn Pedersen
0%
FRANCE, 1973 José Catieau
0%
BELGIQUE, 1967 Joseph Spruyt
0%
BELGIQUE, 1958, 59 Jos Hoevenaars
0%
BELGIQUE, 1960 Julien Schepens
0%
BELGIQUE, 1969 Julien Stevens
0%
ALLEMAGNE, 1966 Karl-Heinz Kunde
0%
FRANCE, 1931 Léon Le Calvez
0%
FRANCE, 1949 Marcel Dussault
0%
FRANCE, 1987 Martial Gayant
0%
FRANCE, 1959 Michel Vermeulin
0%
FRANCE, 1957 Nicolas Barone
0%
BELGIQUE, 1949 Norbert Callens
0%
BELGIQUE, 1974, Patrick Sercu
0%
SUISSE, 1936 Paul Egli
0%
ESPAGNE, 1987, 88 Pedro Delgadro
0%
FRANCE, 1976 Raymond Delisle
0%
FRANCE, 1957 René Privat
0%
FRANCE, 1959 Robert Cazala
0%
BELGIQUE, 1948, 49 Roger Lambrecht
0%
FRANCE, 1951 Roger Lévêque
0%
IRLANDE, 1963 Seamus Elliott
0%
ITALIE, 1951 Serafino Biagioni
0%
PAYS-BAS, 1988 Teun van Vliet
0%
ITALIE, 1966 Tommaso De Pra
0%
FRANCE, 1929 Victor Fontan
0%
ITALIE, 1958 Vito Favero
0%
ALLEMAGNE, 1938 Willi Oberbeck
0%
BELGIQUE, 1962 Willy Schroeders
0%
BELGIQUE, 1973 Willy Teirlinck
0%
BELGIQUE, 1967 Willy Van Neste
0%
Aucun quiz correspondant
Distribution des résultats
% des personnes avec chaque résultat
Percentile par nombre de réponses
Votre historique - résultats
Vous n’avez pas pris ce quiz depuis la dernière actualisation